| 000 | 03805cas a2200829 a 4500 | ||
|---|---|---|---|
| 001 | data | ||
| 005 | 20260322212117.0 | ||
| 008 | data | ||
| 010 |
_asf 89090989 _zsn 86012979 |
||
| 016 | 7 |
_a9814909 _2DNLM |
|
| 016 | 7 |
_aSR0082844 _2DNLM |
|
| 016 | 7 |
_a012419980 _2Uk |
|
| 019 |
_a1231161931 _a1113621755 _a1231055465 _a1231161931 |
||
| 022 |
_a0379-1327 _2z |
||
| 023 | 0 |
_a0379-1327 _2z |
|
| 029 | 1 |
_aAU@ _b000004586928 |
|
| 029 | 1 |
_aAU@ _b000047392127 |
|
| 029 | 1 |
_aNLM _b9814909 |
|
| 029 | 1 |
_aUKMGB _b012419980 |
|
| 029 | 1 |
_aZWZ _b039561593 |
|
| 030 | _aNNGZB2 | ||
| 035 | _a(OCoLC)5885912 | ||
| 040 |
_aNOC _beng _cNOC _dOCLCQ _dAIP _dAGL _dAIP _dDLC _dNST _dNSD _dOCL _dDLC _dNLM _dOCLCQ _dAU@ _dOCLCQ _dOCLCF _dOCLCO _dDLC _dOCLCQ _dOCLCO _dAOW _dOCLCO _dOCLCQ _dGUA _dOCLCA _dUKMGB _dOCLCA _dOCLCQ _dPUL _dOCL _dDLC _dOCLCL _dOCLCQ |
||
| 042 |
_apcc _apcc |
||
| 043 | _ae-sz--- | ||
| 050 | 0 | 0 |
_aQ67 _b.Z96 |
| 060 | 0 | 0 |
_aW1 _bNE3183 |
| 070 | 0 |
_a508 _bZ8N |
|
| 072 | 0 | _aX300 | |
| 072 | 0 | _aF000 | |
| 072 | 0 | _aL000 | |
| 130 | 0 | _aNeujahrsblatt (Naturforschende Gesellschaft in Zürich) | |
| 210 | 0 | _aNeujahrsbl.- Herausg. Naturforsch. Ges. Zür. | |
| 222 | 0 | _aNeujahrsblatt - Herausgegeben von der Naturforschenden Gesellschaft in Zürich | |
| 242 | 0 | 0 |
_aNew Year pamphlet / _cIssued by the Natural Science Society _yeng |
| 245 | 1 | 0 |
_aNeujahrsblatt / _cherausgegeben von der Naturforschenden Gesellschaft auf das Jahr ... |
| 246 | 1 |
_iFrom <2015-2019>, some issues may have title: _aNeujahrsblatt der Naturforschenden Gesellschaft in Zürich NGZH |
|
| 260 |
_3<1871-> : _aZürich : _bOrell Füssli Graphische Betriebe AG, _c1871- |
||
| 260 | 3 |
_3<2015-2019> : _aZürich : _bNaturforschenden Gesellschaft in Zürich |
|
| 300 |
_avolumes : _billustrations ; _c22-35 cm |
||
| 310 | _aAnnual | ||
| 336 |
_atext _btxt _2rdacontent |
||
| 337 |
_aunmediated _bn _2rdamedia |
||
| 338 |
_avolume _bnc _2rdacarrier |
||
| 362 | 0 | _a73- | |
| 500 | _aTitle from cover. | ||
| 515 | _aVols. 159-162 numbered also within v. 101-104 of: Vierteljahrsschrift der Naturforschenden Gesellschaft in Zürich, ISSN 0042-5672. | ||
| 580 | _aVols. 146-158 issued as Beihefte to: Vierteljahrsschrift der Natur forschenden Gesellschaft in Zürich, ISSN 0042-5672. <Vol. 186-> issued as <Heft 5-> to: Vierteljahrsschrift der Naturforschenden Gesellschaft in Zurich. | ||
| 588 | _aLatest issue consulted: 2018. | ||
| 650 | 0 | _aScience. | |
| 650 | 1 | 2 | _aScience. |
| 650 | 3 |
_aScience _vPeriodicals. |
|
| 650 | 3 |
_aScience _zSwitzerland _vPeriodicals. |
|
| 650 | 7 |
_aScience. _2fast _0(OCoLC)fst01108176 |
|
| 651 | 2 | _aSwitzerland. | |
| 655 | 7 |
_aPeriodicals. _2fast _0(OCoLC)fst01411641 |
|
| 655 | 7 |
_aPeriodicals. _2lcgft _0(uri) http://id.loc.gov/authorities/genreForms/gf2014026139 _0(uri) http://id.loc.gov/authorities/genreForms/gf2014026139 |
|
| 710 | 2 |
_aNaturforschende Gesellschaft in Zürich. _1https://id.oclc.org/worldcat/entity/E39QH7JmppRtbQqY9gmgwyWBqF |
|
| 772 | 1 |
_tVierteljahrsschrift der Naturforschenden Gesellschaft in Zürich _x0042-5672 _w(OCoLC)1607878 _w(OCoLC)1607878 |
|
| 776 | 0 | 8 |
_iOnline version: _tNeujahrsblatt (Naturforschende Gesellschaft in Zürich) _w(OCoLC)609776657 |
| 780 | 0 | 0 |
_tAn die züricherische Jugend auf das Jahr ... _w(OCoLC)44528810 _w(OCoLC)44528810 |
| 787 | 1 |
_tVierteljahrsschrift der Naturforschenden Gesellschaft in Zürich _x0042-5672 _w(OCoLC)1607878 _w(OCoLC)1607878 |
|
| 906 |
_a7 _bcbc _cserials _du _encip _f19 _gn-oclcserc |
||
| 925 | 0 |
_aAcquire _b1 shelf copy _xpolicy default |
|
| 590 | _aSERBIB/SERLOC merged record | ||
| 890 |
_aNeujahrsblatt (Naturforschende Gellschaft in Zürich) _isf89-90989 |
||
| 920 | _aKeep 1 | ||
| 991 |
_bc-Ser _hWMLC L 83/6414 _wSERIALS |
||
| 992 |
_bB/L _wSERLOC |
||
| 999 |
_c1770 _d1770 |
||